[Event "RUS-Cup"]
[Site "Krasnodar"]
[Date "1998.??.??"]
[Round "6"]
[White "Mchedlishvili, Mikheil"]
[Black "Zangiev, Pavel"]
[Result "1-0"]
[WhiteElo "2365"]
[BlackElo "2315"]

1.d4 Nf6 2.Nf3 g6 3.c4 Bg7 4.Nc3 O-O 5.e4 d6 6.Be2 Na6 7.O-O e5 8.Be3 Ng4
9.Bg5 Qe8 10.h3 f6 11.Bc1 Nh6 12.dxe5 dxe5 13.Rb1 Nc5 14.b4 Ne6 15.c5 Nf7
16.Bc4 Kh8 17.Qc2 f5 18.Ne2 Qe7 19.exf5 gxf5 20.Ng3 Nf4 21.Bxf4 exf4 22.Nxf5 Qf6
23.Nxg7 Kxg7 24.Rbd1 Ng5 25.Nxg5 Qxg5 26.Rfe1 f3 27.Qc3+ Kh6 28.g3 Bxh3 29.Be6 Bf5
30.Bxf5 Qxf5 31.Re5 Qf6 32.Rd7 Rf7 33.Rxf7 Qxf7 34.Qe3+  1-0

[Event "RUS-Cup"]
[Site "Krasnoiarsk"]
[Date "1998.??.??"]
[Round "6"]
[White "Kiriakov, Petr"]
[Black "Poluljahov, Aleksandr"]
[Result "1/2-1/2"]
[WhiteElo "2495"]
[BlackElo "2505"]

1.d4 Nf6 2.c4 g6 3.Nc3 Bg7 4.e4 d6 5.Nf3 O-O 6.Be2 e5 7.O-O exd4 8.Nxd4 Re8
9.f3 c6 10.Kh1 Nh5 11.g4 Nf6 12.Bf4 h5 13.g5 Nh7 14.Qd2 Na6 15.Rad1 Qe7 16.a3 Nf8
17.b4 Bh3 18.Rg1 Nc7 19.Rg3 Bc8 20.b5 Bxd4 21.Qxd4 Nce6 22.Qxd6 Nxf4 23.Qxf4 Qxa3
24.Qd2 h4 25.Rgg1 Bh3 26.Qe3 Ne6 27.Ra1 Qd6 28.bxc6 bxc6 29.Ra6  1/2-1/2

[Event "La Coruna op"]
[Site "La Coruna"]
[Date "1998.??.??"]
[Round "?"]
[White "Andrade, Leonardo"]
[Black "Damljanovic, Branko"]
[Result "1/2-1/2"]
[WhiteElo "2235"]
[BlackElo "2555"]

1.d4 Nf6 2.Nf3 g6 3.c4 Bg7 4.Nc3 d6 5.e4 O-O 6.Be2 e5 7.d5 a5 8.Bg5 h6 9.Bh4 Na6
10.O-O Bd7 11.Nd2 Qe8 12.b3 Nh7 13.a3 h5 14.f3 f5 15.Rb1 Bh6 16.Bf2 Nc5 17.Qc2 Nf6
18.Bd3 b6 19.b4 axb4 20.axb4 Nxd3 21.Qxd3 Ra3 22.Rb3 Rxb3 23.Nxb3 fxe4 24.Nxe4 Nxe4
25.fxe4 Bf4 26.Nc1 Qf7 27.Ne2 Bg5 28.Nc3 h4 29.h3 Bc8 30.c5 bxc5 31.bxc5 dxc5
32.Bxc5 Qxf1+ 33.Qxf1 Rxf1+ 34.Kxf1 Bd2 35.Nd1 Ba6+ 36.Kf2 Kf7 37.Ne3 Ba5
38.Kf3 Bd3 39.Ng4 Bc3 40.Bb4 Bd4 41.Ba5 Bc2 42.Ne3 Ba4 43.Bxc7 g5 44.Bd8 Kg6
45.Be7 Bb6 46.Bd6 Bd4 47.Be7 Bb6  1/2-1/2

[Event "La Coruna op"]
[Site "La Coruna"]
[Date "1998.??.??"]
[Round "?"]
[White "Paredes, Angel"]
[Black "Andrade, Leonardo"]
[Result "1-0"]
[WhiteElo "2285"]
[BlackElo "2250"]

1.c4 g6 2.Nc3 Bg7 3.Nf3 d6 4.d4 Nf6 5.e4 O-O 6.Be2 e5 7.d5 c5 8.Bg5 h6 9.Bh4 Na6
10.O-O g5 11.Bg3 Nh5 12.Nd2 Nf4 13.a3 f5 14.exf5 Bxf5 15.Bg4 Bxg4 16.Qxg4 h5
17.Qd1 h4 18.Bxf4 Rxf4 19.Nce4 Bh6 20.g3 hxg3 21.hxg3 Rf5 22.Qg4 Qf8 23.Kg2 Qf7
24.Nf3 Qh7 25.Rh1 Raf8 26.Nfxg5 Qg6 27.Rxh6  1-0

[Event "La Coruna op"]
[Site "La Coruna"]
[Date "1998.??.??"]
[Round "?"]
[White "Damljanovic, Branko"]
[Black "Gonzalez, Elias"]
[Result "1-0"]
[WhiteElo "2555"]
[BlackElo "2140"]

1.Nf3 Nf6 2.c4 g6 3.Nc3 Bg7 4.e4 d6 5.d4 O-O 6.Be2 e5 7.Be3 Nc6 8.d5 Ne7
9.Nd2 Nd7 10.b4 f5 11.f3 Nf6 12.c5 f4 13.Bf2 g5 14.Nc4 Ng6 15.a4 Rf7 16.cxd6 cxd6
17.Nb5 Bf8 18.Nxa7 Rxa7 19.Bxa7 Nh4 20.Rg1 g4 21.Bb6 Qe8 22.Qb3 g3 23.O-O-O Nd7
24.Kb1 Rg7 25.h3  1-0

[Event "Le Touquet op"]
[Site "Le Touquet"]
[Date "1998.??.??"]
[Round "4"]
[White "Sellos, Didier"]
[Black "Leonardon, Marc"]
[Result "1-0"]
[WhiteElo "2405"]
[BlackElo "2190"]

1.d4 Nf6 2.c4 g6 3.Nc3 d6 4.e4 Bg7 5.Nf3 O-O 6.Be2 e5 7.O-O exd4 8.Nxd4 Re8
9.Bf3 Nbd7 10.Re1 Ne5 11.Be2 Nc6 12.Nxc6 bxc6 13.Qc2 c5 14.Bg5 Be6 15.Rad1 Qc8
16.Bf1 Ng4 17.Nd5 Bxd5 18.cxd5 Rb8 19.b3 Rb4 20.h3 Ne5 21.a3 Rb8 22.Bd2 Rf8
23.Bc3 Qd8 24.f4 Nd7 25.Bxg7 Kxg7 26.e5 Qh4 27.Qc3 Qxf4 28.exd6+ f6 29.dxc7 Qxc7
30.d6 Qb6 31.Re7+ Rf7 32.Rxf7+ Kxf7 33.Bc4+ Kg7 34.Qd2 Qc6 35.Qe3 Ne5 36.Rd5 Rd8
37.Rxe5 fxe5 38.Qxe5+  1-0

[Event "Le Touquet op"]
[Site "Le Touquet"]
[Date "1998.??.??"]
[Round "7"]
[White "Villeneuve, Alain"]
[Black "Belkhodja, Slim"]
[Result "0-1"]
[WhiteElo "2320"]
[BlackElo "2405"]

1.d4 d6 2.Nf3 g6 3.c4 Bg7 4.Nc3 Nf6 5.e4 O-O 6.Be2 e5 7.O-O exd4 8.Nxd4 Re8
9.f3 c6 10.Kh1 Nh5 11.Be3 f5 12.Qd2 f4 13.Bf2 Be5 14.Rfd1 Qf6 15.Nc2 Be6
16.Ne1 Nd7 17.Nd3 Ng3+ 18.hxg3 fxg3 19.Qh6 gxf2 20.Nxe5 dxe5 21.g3 Qf7 22.Kg2 Nf6
23.b3 Re7 24.Qe3 h5 25.Qxf2 h4 26.gxh4 Nh5 27.Kf1 Qf4 28.Ke1 Ng3 29.Rd3 Rh7
30.Kd1 Rxh4 31.Kc2 Nxe2 32.Nxe2 Rh2 33.Qe3 Kf7 34.Rg1 Rah8 35.Kc3 Qxe3 36.Rxe3 Rf2
37.Kd2 Rh3 38.f4 exf4 39.Rxh3 Bxh3 40.Ke1 Rf3 41.Kd2 Bf1 42.Rg4 Bxe2 43.Kxe2 Re3+
44.Kd2 Rxe4 45.Kd3 Re7 46.Rxf4+ Kg7 47.Rf1 g5 48.Rg1 Kg6 49.b4 b6 50.c5 bxc5
51.bxc5 Re5 52.Kd4 Rd5+ 53.Kc4 Rf5 54.Kd4 Kf6 55.Rh1 Rf4+ 56.Ke3 Ke5 57.Rh5 Re4+
58.Kf3 Kd4 59.Rxg5 Re3+ 60.Kf2 Re7 61.Rg1 Kxc5 62.Rc1+ Kb5 63.Rb1+ Ka4 64.Rc1 Re6
65.Kf3 a5 66.Kf4 Kb5 67.Rb1+ Kc5 68.Rc1+ Kd4 69.Rd1+ Kc3 70.Rc1+ Kb2 71.Rc4 c5
72.Ra4 Re1 73.Kf3 Re8 74.Kf2 Kc3 75.Rxa5 c4 76.Ra7 Kb2 77.Rc7 c3 78.a4 c2
79.Rb7+ Kc3 80.Rc7+ Kd2 81.Rd7+ Kc1 82.a5 Rc8 83.a6 Kb2 84.Rb7+ Kc1  0-1

[Event "VfB op 5th"]
[Site "Leipzig"]
[Date "1998.??.??"]
[Round "8"]
[White "Spiess, Gunter"]
[Black "Vogt, Lothar"]
[Result "0-1"]
[WhiteElo "2400"]
[BlackElo "2510"]

1.d4 Nf6 2.Nf3 g6 3.c4 Bg7 4.Nc3 O-O 5.e4 d6 6.Be2 e5 7.dxe5 dxe5 8.Qxd8 Rxd8
9.Bg5 Nbd7 10.O-O-O Rf8 11.Ne1 Nc5 12.f3 Ne6 13.Be3 c5 14.Nd3 Nd7 15.Nd5 b6
16.Ne7+ Kh8 17.Nxc8 Raxc8 18.Nb4 Nd4 19.Bxd4 cxd4 20.Kb1 f5 21.exf5 gxf5
22.Nc2 Nc5 23.Rhe1 Rcd8 24.Nb4 e4 25.Nd5 d3 26.Bf1 b5  0-1

[Event "BEL-chJ"]
[Site "Leuven"]
[Date "1998.??.??"]
[Round "1"]
[White "De Wachter, Stefan"]
[Black "Gulbas, Cemil"]
[Result "1/2-1/2"]
[WhiteElo "2090"]
[BlackElo "2190"]

1.d4 Nf6 2.Nf3 g6 3.c4 Bg7 4.Nc3 O-O 5.e4 d6 6.Be2 e5 7.d5 a5 8.Nd2 Na6 9.h4 h5
10.Nf3 Nh7 11.Ng5 Nf6 12.f3 c6 13.Be3 cxd5 14.cxd5 Nc5 15.Bb5 Bd7 16.O-O a4
17.Rc1 Ra5 18.Bxd7 Qxd7 19.b4 axb3 20.axb3 Ra6  1/2-1/2

[Event "Leuven ASLK"]
[Site "Leuven"]
[Date "1998.??.??"]
[Round "1"]
[White "Akesson, Ralf"]
[Black "Meessen, Rudolf"]
[Result "1-0"]
[WhiteElo "2505"]
[BlackElo "2310"]

1.d4 Nf6 2.c4 g6 3.Nc3 Bg7 4.e4 d6 5.Nf3 O-O 6.Be2 e5 7.Be3 h6 8.O-O Ng4
9.Bc1 Nc6 10.d5 Ne7 11.Ne1 f5 12.Bxg4 fxg4 13.Be3 g5 14.c5 Ng6 15.Rc1 Qe8
16.a4 a6 17.Nc2 Nf4 18.cxd6 cxd6 19.Na3 Qg6 20.Nc4 Bd7 21.Nb6 Rad8 22.Nxd7 Rxd7
23.Qxg4 Rdf7 24.f3 h5 25.Qg3 g4 26.Bxf4 Rxf4 27.Ne2 Bh6 28.h3 R4f6 29.Rc3 Bd2
30.Rb3 R8f7 31.hxg4 hxg4 32.Rd1 Bb4 33.Rxb4 gxf3 34.gxf3 Qxg3+ 35.Nxg3 Rxf3
36.Nf5 Rf6 37.Rd2 b5 38.Rg2+ Kh7 39.axb5 a5 40.Rc4 Rf7 41.Rh2+ Kg6 42.Nh4+  1-0

[Event "BEL-ch"]
[Site "Liege"]
[Date "1998.??.??"]
[Round "1"]
[White "Vanderstricht, Geert"]
[Black "Vetemaa, Juri"]
[Result "1-0"]
[WhiteElo "2300"]
[BlackElo "2325"]

1.d4 Nf6 2.c4 g6 3.Nc3 Bg7 4.e4 d6 5.Nf3 O-O 6.Be2 Nbd7 7.O-O e5 8.Re1 c6
9.Bf1 h6 10.Rb1 Kh7 11.b4 Ng8 12.dxe5 Nxe5 13.Nxe5 Bxe5 14.Qd2 f5 15.Bb2 f4
16.Rbd1 Qh4 17.Na4 Nf6 18.f3 Nd7 19.c5 Bxb2 20.Nxb2 dxc5 21.e5 cxb4 22.Qxb4 Re8
23.Nc4 Nb6 24.Nd6 Be6 25.Nxe8 Rxe8 26.Re4 Qg5 27.h4 Qxh4 28.Rxf4 Qg3 29.Rf8 Nd5
30.Rxd5 Rxf8 31.Qe7+ Bf7 32.Rd8 Qf4 33.Qxf8  1-0

[Event "BEL-ch"]
[Site "Liege"]
[Date "1998.??.??"]
[Round "3"]
[White "Vanderstricht, Geert"]
[Black "Van Mechelen, Jan"]
[Result "1-0"]
[WhiteElo "2300"]
[BlackElo "2265"]

1.d4 Nf6 2.c4 g6 3.Nc3 Bg7 4.e4 d6 5.Nf3 O-O 6.Be2 e5 7.O-O Nbd7 8.Be3 Ng4
9.Bg5 f6 10.Bd2 Nh6 11.Qc2 c6 12.Rad1 Nf7 13.b4 Qe7 14.Be3 Bh6 15.Bxh6 Nxh6
16.c5 dxc5 17.dxc5 Re8 18.Nd2 Nf8 19.Nc4 Nf7 20.Nd6 Nxd6 21.cxd6 Qf7 22.Na4 Be6
23.Rd2 Nd7 24.Nc5 Nxc5 25.bxc5 Rad8 26.h3 Rd7 27.Qa4 a6 28.f4 exf4 29.Rxf4 Qg7
30.Bc4 Bxc4 31.Qxc4+ Qf7 32.Qd4 Qe6 33.Rxf6 Qe5 34.Rf3 Qxd4+ 35.Rxd4 Re5
36.Rc4 Kg7 37.Kf2  1-0

[Event "BEL-ch"]
[Site "Liege"]
[Date "1998.??.??"]
[Round "4"]
[White "Mohandesi, Shahin"]
[Black "Vetemaa, Juri"]
[Result "1/2-1/2"]
[WhiteElo "2285"]
[BlackElo "2325"]

1.d4 Nf6 2.Nf3 g6 3.c4 Bg7 4.Nc3 O-O 5.e4 d6 6.Be2 e5 7.O-O Nh5 8.Re1 Nf4
9.Bf1 Bg4 10.d5 f5 11.Bxf4 exf4 12.exf5 Rxf5 13.Be2 Bxf3 14.Bxf3 Nd7  1/2-1/2

[Event "Lisbon op2"]
[Site "Lisbon"]
[Date "1998.??.??"]
[Round "?"]
[White "Andrade, Leonardo"]
[Black "Oliveira, Vera"]
[Result "1-0"]
[WhiteElo "2250"]
[BlackElo "2025"]

1.d4 Nf6 2.Nf3 g6 3.c4 Bg7 4.Nc3 O-O 5.e4 d6 6.Be2 e5 7.d5 Nbd7 8.O-O Ne8
9.Bg5 f6 10.Bh4 h5 11.h3 Bh6 12.Ne1 Ng7 13.Nd3 c6 14.Qc2 Qc7 15.f3 Rf7 16.Bf2 Ne8
17.Rad1 Nb6 18.c5 dxc5 19.Nxc5 Bf8 20.a4 cxd5 21.Nb5 Qb8 22.a5 a6 23.Nc3 Bxc5
24.Bxc5 Nd7 25.Nxd5 Kg7 26.Bb6 Nxb6 27.Nxb6 Ra7 28.Qa4  1-0

[Event "Lisbon op"]
[Site "Lisbon"]
[Date "1998.??.??"]
[Round "9"]
[White "Pinho, Paulo"]
[Black "Oliveira, Vera"]
[Result "1-0"]
[WhiteElo "2150"]
[BlackElo "2025"]

1.d4 Nf6 2.c4 g6 3.Nc3 Bg7 4.e4 d6 5.Nf3 O-O 6.Be2 e5 7.O-O Nbd7 8.Qc2 exd4
9.Nxd4 Nc5 10.Rd1 Re8 11.f3 a5 12.Ndb5 Qe7 13.Bg5 Be6 14.f4 h6 15.Bh4 Ncxe4
16.Nxe4 Bf5 17.Bxf6 Bxe4 18.Bxe7 Bxc2 19.Rd2 Bxb2 20.Rxc2 Bxa1 21.Nxc7 Rxe7
22.Nxa8 Bd4+ 23.Kf1 Bc5 24.Bf3 Kg7 25.Re2  1-0

[Event "Ljubljana op"]
[Site "Ljubljana"]
[Date "1998.??.??"]
[Round "2"]
[White "Lazovic, Gordan"]
[Black "Delchev, Aleksander"]
[Result "1/2-1/2"]
[WhiteElo "2305"]
[BlackElo "2545"]

1.e4 g6 2.d4 Bg7 3.c4 d6 4.Nc3 Nf6 5.Nf3 O-O 6.Be2 e5 7.dxe5 dxe5 8.Qxd8 Rxd8
9.Bg5 Nbd7 10.O-O-O Rf8 11.Ne1 Nc5 12.f3 Ne6 13.Be3 Re8 14.Nc2 a5 15.Rd2 Nd7
16.g3 c6 17.Rhd1 Ndc5 18.Bf1 Bf6 19.Bh3 Bg5 20.Bxe6 Nxe6 21.Bxg5 Nxg5 22.Rd3 Bh3
23.b3 Kg7 24.Ne1 h5 25.Re3 Rad8 26.Rxd8 Rxd8 27.Nd3 f6 28.f4 Nf7 29.Nc5 b6
30.N5a4 Rb8 31.Kd2 b5 32.cxb5 cxb5 33.Nc5 Rc8 34.Nb7 b4 35.Na4 Bd7 36.Nb6 Rb8
37.Nxd7 Rxb7 38.Nc5 Rb6 39.Rd3 exf4 40.gxf4 g5 41.fxg5 fxg5 42.Rd5 Rd6 43.Nb7 Re6
44.Ke3 Ne5 45.h3 g4 46.hxg4 Nxg4+ 47.Kf3 Nf6 48.Rxa5 Nxe4 49.Rxh5 Nc3 50.Ra5 Re2
51.Nc5 Rxa2 52.Rxa2 Nxa2 53.Nd3 Kf6 54.Ke4 Ke6 55.Kd4 Kd6 56.Kc4 Kc6  1/2-1/2

[Event "Ljubljana op"]
[Site "Ljubljana"]
[Date "1998.??.??"]
[Round "5"]
[White "Nikolov, Sasho"]
[Black "Praznik, Niko"]
[Result "1-0"]
[WhiteElo "2415"]
[BlackElo "2200"]

1.d4 Nf6 2.c4 g6 3.Nc3 Bg7 4.e4 d6 5.Nf3 O-O 6.Be2 Nbd7 7.O-O e5 8.Qc2 c6
9.Rd1 Qc7 10.Be3 a5 11.d5 c5 12.Nb5 Qb8 13.Nd2 Ne8 14.Bg4 f5 15.exf5 Nb6
16.f6 Bxg4 17.fxg7 Nxg7 18.Re1 Nc8 19.Ne4 Bf5 20.Bg5 Bxe4 21.Qxe4 Rf5 22.f4 Nh5
23.Bd8 Rxf4 24.Bc7 Rxe4 25.Rxe4 Na7 26.Bxb8 Nxb5 27.cxb5 Rxb8 28.Rf1 b6 29.g4 Nf4
30.Rfxf4 exf4 31.Re6 g5 32.Rxd6 Re8 33.Rxb6 Re1+ 34.Kf2 Rd1 35.Rb8+ Kg7 36.Rb7+ Kf6
37.Rxh7 Rd2+ 38.Kf3 Rxb2 39.Rh6+ Ke5 40.d6 Rxb5 41.d7 Rb8 42.Rc6 Rd8 43.Rxc5+ Kf6
44.Rf5+ Kg6 45.Rd5 a4 46.Ke4 a3 47.Ke5  1-0

[Event "Ljubljana op"]
[Site "Ljubljana"]
[Date "1998.??.??"]
[Round "7"]
[White "Ftacnik, Lubomir"]
[Black "Fercec, Nenad"]
[Result "1/2-1/2"]
[WhiteElo "2580"]
[BlackElo "2455"]

1.d4 Nf6 2.Nf3 g6 3.c4 Bg7 4.Nc3 d6 5.e4 O-O 6.Be2 e5 7.O-O Na6 8.Re1 Qe8
9.Bf1 Bg4 10.d5 Nb4 11.a3 Bxf3 12.gxf3 Na6 13.b4 Nh5 14.c5 dxc5 15.Bxa6 bxa6
16.bxc5 Qe7 17.d6 cxd6 18.Nd5 Qh4 19.cxd6 Rad8 20.Ne7+ Kh8 21.a4 Rd7 22.Rb1 h6
23.Rb3 Kh7 24.Rd3 Bf6 25.Kh1 Bg5 26.Rg1 Bxc1 27.Qxc1 Nf4 28.Rd2 Rfd8 29.Qc5 Qh3
30.Rg3 Qf1+ 31.Rg1 Qh3 32.Rg3 Qf1+ 33.Rg1 Qh3  1/2-1/2

[Event "SLO-ch"]
[Site "Maribor"]
[Date "1998.??.??"]
[Round "1"]
[White "Tratar, Marko"]
[Black "Vombek, Dani"]
[Result "1/2-1/2"]
[WhiteElo "2420"]
[BlackElo "2310"]

1.Nf3 Nf6 2.c4 g6 3.Nc3 Bg7 4.e4 d6 5.d4 O-O 6.Be2 e5 7.O-O exd4 8.Nxd4 Re8
9.f3 c6 10.Kh1 Nh5 11.g4 Nf6 12.Be3 h5 13.g5 Nh7 14.Qd2 Na6 15.Rad1 Qe7 16.Rg1 Nf8
17.Bf1 Nc7 18.Nc2 Rd8 19.Bd4 Bxd4 20.Nxd4 Nfe6 21.Be2 Nxd4 22.Qxd4 Bh3 23.f4 d5
24.cxd5 cxd5 25.exd5 Nxd5 26.Nxd5 Rxd5 27.Qxd5 Qxe2 28.Qd3 Bg4  1/2-1/2

[Event "SLO-ch (Women)"]
[Site "Maribor"]
[Date "1998.??.??"]
[Round "7"]
[White "Vospernik, Mira"]
[Black "Ipavec, Petra"]
[Result "1-0"]
[WhiteElo "2105"]
[BlackElo "2100"]

1.Nf3 Nf6 2.d4 g6 3.c4 Bg7 4.Nc3 d6 5.e4 O-O 6.Be2 e5 7.Bg5 Nc6 8.d5 Ne7
9.O-O Nh5 10.Nd2 Nf4 11.f3 f5 12.b4 Bf6 13.Bxf6 Rxf6 14.c5 g5 15.Rf2 Rg6
16.Kh1 Kh8 17.Bf1 Ng8 18.g3 Nh5 19.exf5 Rg7 20.Nc4 Ngf6 21.Be2 Qe7 22.Qd2 g4
23.fxg4 Nxg4 24.Bxg4 Rxg4 25.Ne3 Rxb4 26.Raf1 Bd7 27.f6 Qf7 28.Nf5 Bxf5 29.Rxf5 Rg4
30.R1f3 Rag8 31.Qf2 a6 32.Qe3 a5 33.cxd6 cxd6 34.Ne4 Rd8 35.Ng5 Qxd5 36.f7 Rf8
37.Nxh7 Rd4 38.Nxf8 Rd1+ 39.Kg2 Rd2+ 40.Kh3 Kg7 41.Qg5+  1-0

[Event "SLO-ch"]
[Site "Maribor"]
[Date "1998.??.??"]
[Round "13"]
[White "Jelen, Igor"]
[Black "Mohr, Georg"]
[Result "1/2-1/2"]
[WhiteElo "2430"]
[BlackElo "2455"]

1.d4 Nf6 2.c4 g6 3.Nc3 Bg7 4.e4 d6 5.Nf3 O-O 6.Be2 e5 7.O-O Nh5 8.g3 Bh3
9.Re1 exd4 10.Nxd4 Nf6 11.Bg5 Re8 12.Qd2 Nc6 13.Nxc6 bxc6 14.Qf4 Qe7 15.c5 Qe5
16.cxd6 cxd6 17.Qxe5 Rxe5 18.Bf4 Ree8 19.Bf3 Rad8 20.Rad1 d5 21.exd5 Nxd5
22.Rxe8+ Rxe8 23.Nxd5  1/2-1/2

[Event "Mermaid Beach"]
[Site "Mermaid Beach"]
[Date "1998.??.??"]
[Round "7"]
[White "Elbilia, Jacques"]
[Black "Resika, Nathan A"]
[Result "1-0"]
[WhiteElo "2360"]
[BlackElo "2170"]

1.d4 Nf6 2.c4 d6 3.Nc3 g6 4.e4 Bg7 5.Nf3 O-O 6.Be2 e5 7.d5 a5 8.h3 Na6 9.Bg5 h6
10.Be3 Nc5 11.Nd2 Bd7 12.b3 Ne8 13.a3 f5 14.f3 Nf6 15.b4 axb4 16.axb4 Rxa1
17.Qxa1 Na6 18.Qa3 Nh5 19.Bf2 Bf6 20.h4 Nb8 21.c5 Be7 22.Nc4 Nf4 23.Bf1 fxe4
24.Nxe4 Bf5 25.Qb3 Kh7 26.Na5 Qc8 27.g3 Nh5 28.Bd3 Nf6 29.Qc4 Nxe4 30.Bxe4 Bxe4
31.Qxe4 Na6 32.h5 Qf5 33.hxg6+ Kxg6 34.c6 Qxe4+ 35.fxe4 bxc6 36.Nxc6 Bg5
37.Ke2 Nb8 38.Ra1 Nxc6 39.dxc6 Rb8 40.Ra4 Bd8 41.Kd3 h5 42.Kc4 Kg5 43.Ba7 Ra8  1-0

[Event "Miercurea Ciuc op"]
[Site "Miercurea Ciuc"]
[Date "1998.??.??"]
[Round "1"]
[White "Pirau, Horatiu"]
[Black "Burnoiu, Costel"]
[Result "1/2-1/2"]
[WhiteElo "2205"]
[BlackElo "2240"]

1.d4 g6 2.c4 Bg7 3.Nc3 Nf6 4.e4 d6 5.Nf3 O-O 6.Be2 Nbd7 7.O-O e5 8.dxe5 Nxe5
9.Nxe5 dxe5 10.Qxd8 Rxd8 11.Bg5 c6 12.Rad1 Be6 13.b3 h6 14.Bh4 b6 15.Rxd8+ Rxd8
16.Rd1 Rxd1+ 17.Bxd1  1/2-1/2

[Event "Miercurea Ciuc op"]
[Site "Miercurea Ciuc"]
[Date "1998.??.??"]
[Round "9"]
[White "Puskas, Janos"]
[Black "Khruschiov, Alexey"]
[Result "0-1"]
[WhiteElo "2100"]
[BlackElo "2215"]

1.Nf3 Nf6 2.c4 g6 3.Nc3 Bg7 4.e4 d6 5.d4 O-O 6.Be2 e5 7.O-O Nbd7 8.Be3 Ng4
9.Bg5 f6 10.Bd2 Nh6 11.d5 a5 12.a3 Nf7 13.b4 f5 14.Rc1 axb4 15.axb4 c5 16.dxc6 bxc6
17.Qb3 Bb7 18.Bd3 f4 19.Na4 g5 20.c5 g4 21.Ne1 Kh8 22.Bc4 Ng5 23.f3 gxf3
24.gxf3 dxc5 25.bxc5 Nxc5 26.Nxc5 Qxd2 27.Ned3 Bc8 28.Rce1 Rf6 29.Kh1 Rg6
30.Rf2 Qa5 31.Rd1 Bh3 32.Nb7 Qc7 33.Ndc5 Bf8 34.Rg1 Rb8 35.Qc3 Qg7 36.Bf1 Bc8
37.Nd8 Nxe4 38.Rxg6 Nxf2+ 39.Kg2 Qxg6+ 40.Kxf2 Bxc5+ 41.Qxc5 Rb2+ 42.Be2 Qf6
43.Nf7+ Kg7 44.Nd6 Qh4+ 45.Kg1 Rxe2 46.Ne8+ Kf7 47.Qc4+ Kxe8 48.Qxe2 Qg5+
49.Kf1 Bh3+ 50.Ke1 Qg1+  0-1

[Event "Miskolc Avas op"]
[Site "Miskolc"]
[Date "1998.??.??"]
[Round "3"]
[White "Kiss, Pal"]
[Black "Mester, Gyula"]
[Result "1-0"]
[WhiteElo "2440"]
[BlackElo "2370"]

1.d4 Nf6 2.c4 g6 3.Nc3 Bg7 4.e4 d6 5.Be2 O-O 6.Nf3 e5 7.d5 a5 8.Bg5 h6 9.Bh4 Na6
10.Nd2 Bd7 11.O-O Qb8 12.Kh1 Nh7 13.f3 h5 14.Rb1 Bh6 15.Bf2 Qe8 16.b3 f5
17.a3 f4 18.b4 axb4 19.axb4 g5 20.c5 Rf6 21.c6 Bc8 22.Ra1 bxc6 23.dxc6 Qxc6
24.Bc4+ Kh8 25.b5 Qd7 26.Bd5 g4 27.Bxa8 Nb4 28.Qb1 g3 29.Qxb4 Rg6 30.Bc6  1-0

[Event "Miskolc Avas op"]
[Site "Miskolc"]
[Date "1998.??.??"]
[Round "6"]
[White "Krutti, Valer"]
[Black "Benedek, Zoltan"]
[Result "1-0"]
[WhiteElo "2370"]
[BlackElo "2105"]

1.d4 Nf6 2.c4 g6 3.Nc3 Bg7 4.e4 d6 5.Nf3 O-O 6.Be2 e5 7.Be3 Nc6 8.d5 Ne7
9.Nd2 Nd7 10.b4 f5 11.f3 Nf6 12.c5 f4 13.Bf2 g5 14.g4 fxg3 15.hxg3 Ng6 16.Nc4 Ne8
17.Be3 Bd7 18.Qd2 h6 19.O-O-O Rf7 20.Na5 Bc8 21.Kb2 Qf6 22.Kb3 Ne7 23.Nc4 Bd7
24.a4 Ng6 25.Na5 dxc5 26.bxc5 b6 27.cxb6 axb6 28.Nc4 Bf8 29.Nb5 Kg7 30.f4 gxf4
31.gxf4 Nxf4 32.Nxe5  1-0

[Event "Miskolc Avas op"]
[Site "Miskolc"]
[Date "1998.??.??"]
[Round "8"]
[White "Pasztor, Ferenc"]
[Black "Petro, Janos"]
[Result "1/2-1/2"]
[WhiteElo "2265"]
[BlackElo "2085"]

1.d4 Nf6 2.Nf3 g6 3.c4 Bg7 4.Nc3 O-O 5.e4 d6 6.Be2 Nbd7 7.O-O e5 8.dxe5 Nxe5
9.Nxe5 dxe5 10.Bg5 c6 11.Qxd8 Rxd8  1/2-1/2

[Event "Moscow-ch op"]
[Site "Moscow"]
[Date "1998.??.??"]
[Round "1"]
[White "Lastin, Alexander"]
[Black "Rozanov, Pavel B"]
[Result "1-0"]
[WhiteElo "2535"]
[BlackElo "2275"]

1.Nf3 Nf6 2.c4 g6 3.Nc3 Bg7 4.e4 d6 5.d4 O-O 6.Be2 Qe8 7.O-O e5 8.dxe5 dxe5
9.Be3 b6 10.h3 Na6 11.Qb1 Bb7 12.b4 Qe7 13.a3 c6 14.c5 Nd7 15.cxb6 axb6 16.Rd1 Nc7
17.Ra2 Rfd8 18.Rad2 Ne6 19.Bc4 Nd4 20.Nxd4 exd4 21.Bxd4 Bxd4 22.Rxd4 Rxa3
23.Qb2 Raa8 24.Qd2 Bc8 25.b5 c5 26.Rd6 Rf8 27.f4 Rb8 28.e5 Kg7 29.Qf2 Rb7
30.Nd5 Qe8 31.Qh4 Kh8 32.Nf6 Nxf6 33.Qxf6+ Kg8 34.Rd8 Qe7 35.Rxf8+  1-0

[Event "RUS-Cup02"]
[Site "Moscow"]
[Date "1998.??.??"]
[Round "3"]
[White "Drogoon, A."]
[Black "Bereslavsky, Mikhail"]
[Result "1-0"]
[WhiteElo "2360"]
[BlackElo "2075"]

1.Nf3 Nf6 2.c4 g6 3.Nc3 Bg7 4.e4 d6 5.d4 O-O 6.Be2 e5 7.O-O Nbd7 8.Re1 exd4
9.Nxd4 Re8 10.Bf1 c6 11.Bf4 Ne5 12.Qd2 Nh5 13.Bg5 Qb6 14.Nb3 Be6 15.c5 dxc5
16.Na4 Qc7 17.Nbxc5 Bc4 18.h3 b6 19.Bxc4 Nxc4 20.Qc2 Qe5 21.Bc1 Nd6 22.Nd3 Qd4
23.Be3 Qc4 24.Rac1 Rxe4 25.b3 Qxc2 26.Rxc2 c5 27.g4 Nf6 28.Nc3 Re7 29.Rd1 Nde4
30.Nxe4 Nxe4 31.Nf4 Kf8 32.Rd3 Ke8 33.f3 Ng5 34.Kf2 Ne6 35.Nxe6 Rxe6 36.Rcd2 Bf6
37.f4 Rd8 38.Rxd8+ Bxd8 39.Kf3 Bc7 40.Rd5 Ke7 41.a4 Rd6 42.Ke4 Kd7 43.Ke5 f6+
44.Ke4 Kc6 45.Rxd6+ Bxd6 46.f5 g5 47.Bd2 a6 48.Bc3 Be7 49.Be1 b5 50.axb5+ axb5
51.h4 h6 52.hxg5 hxg5 53.Bc3 Bd8 54.Bb2 c4 55.bxc4 bxc4 56.Kd4 Kb5 57.Bc3 Be7
58.Kd5 Bd8 59.Kd6 Ba5 60.Bxf6 Bd2 61.Ke6 Kc5 62.Bb2 c3 63.Ba3+ Kc4 64.f6 c2
65.f7 Bb4 66.Bc1 Kc3 67.Bxg5 Kb2 68.Bf4 c1=Q 69.Bxc1+ Kxc1 70.g5  1-0

[Event "RUS-Cup02"]
[Site "Moscow"]
[Date "1998.??.??"]
[Round "3"]
[White "Savitskaya, Ekaterina P"]
[Black "Rosanov, Lev I"]
[Result "1-0"]
[WhiteElo "2220"]
[BlackElo "2135"]

1.d4 Nf6 2.c4 g6 3.Nc3 Bg7 4.e4 d6 5.Nf3 O-O 6.Be2 e5 7.d5 a5 8.Bg5 h6 9.Bh4 Na6
10.Nd2 Qe8 11.O-O Nh7 12.a3 h5 13.f3 Bd7 14.b3 Bh6 15.Bf2 Qe7 16.Re1 b6 17.Rb1 Nc5
18.b4 axb4 19.axb4 Na4 20.Nxa4 Rxa4 21.c5 Ra2 22.Nf1 Ba4 23.Qd3 Bc2 24.Qc4 Bxb1
25.Rxb1 Rfa8 26.cxb6 cxb6 27.Bxb6 Ra1 28.Rxa1 Rxa1 29.Bf2 Qb7 30.b5 Rc1 31.Qa4 Nf8
32.b6 Bg5 33.Qa7 Qd7 34.b7 Rc7 35.b8=Q Rxa7 36.Qxa7 Qc8 37.Bb5 h4 38.Bc6 h3
39.g3 Kg7 40.Bb6 Bd8 41.Be3 g5 42.Qb7  1-0

[Event "Goldberg mem"]
[Site "Moscow"]
[Date "1998.??.??"]
[Round "3"]
[White "Naer, Eugeni"]
[Black "Komliakov, Viktor"]
[Result "1/2-1/2"]
[WhiteElo "2455"]
[BlackElo "2510"]

1.d4 d6 2.Nf3 Nf6 3.c4 g6 4.Nc3 Bg7 5.e4 Nbd7 6.Be2 e5 7.O-O O-O 8.Qc2 c6
9.Rd1 Qe7 10.d5 c5 11.a3 Ne8 12.Bd3 Nb8 13.b4 Na6 14.Rb1 f5 15.Ng5 f4 16.Ne6 Bxe6
17.dxe6 Qxe6 18.Bf1 Rf6 19.Qd3 Bf8 20.Rb3 Nb8 21.b5  1/2-1/2

[Event "RUS-Cup02"]
[Site "Moscow"]
[Date "1998.??.??"]
[Round "3"]
[White "Daschian, Nikolai V"]
[Black "Riazantsev, Alexander"]
[Result "1/2-1/2"]
[WhiteElo "2445"]
[BlackElo "2290"]

1.d4 Nf6 2.c4 g6 3.Nc3 Bg7 4.e4 d6 5.Nf3 O-O 6.Be2 e5 7.O-O exd4 8.Nxd4 Re8
9.f3 Nc6 10.Be3 Nh5 11.Qd2 f5 12.Nxc6 bxc6 13.Bg5 Qd7 14.Bd3 Qf7 15.exf5 gxf5
16.Ne2 Rb8 17.Rab1 Be6 18.b3 Qd7 19.Nf4 Nxf4 20.Bxf4 c5 21.Rfe1 Qf7 22.Re2 Bd7
23.Rbe1 Rxe2 24.Rxe2 Re8 25.Rxe8+ Qxe8 26.Qe2 Qxe2 27.Bxe2 Bd4+ 28.Kh1 Kf7
29.g3 Ke6 30.Kg2 Bc6 31.Bh6 Kf6 32.h3 Be8 33.Bd3 Bg6 34.Kf1 Be5 35.f4 Bc3
36.g4 fxg4 37.Bg5+ Ke6 38.Bxg6 hxg6 39.hxg4 Bf6 40.Bh6 Kf7 41.Ke2 c6 42.Kd3 d5
43.Kc2 Kg8 44.Kd2 Be7 45.f5 g5 46.Kd3  1/2-1/2

[Event "Goldberg mem"]
[Site "Moscow"]
[Date "1998.??.??"]
[Round "6"]
[White "Korotylev, Alexey"]
[Black "Saltaev, Mihail"]
[Result "1/2-1/2"]
[WhiteElo "2470"]
[BlackElo "2510"]

1.d4 Nf6 2.c4 d6 3.Nc3 Nbd7 4.Nf3 g6 5.e4 e5 6.Be2 Bg7 7.O-O O-O 8.Be3 Re8
9.d5 Nh5 10.g3 Bf8 11.Ne1 Ng7 12.Nd3 Be7 13.b4 a5 14.a3 f5 15.f3 Rf8 16.Qd2 Nf6
17.c5 fxe4 18.fxe4 Ng4 19.Bxg4 Bxg4 20.b5 Rxf1+ 21.Rxf1 Bh3 22.Rc1 Ne8 23.Nf2 Bc8
24.b6 dxc5 25.bxc7 Qxc7 26.Nb5 Qd8 27.Bxc5 Bxc5 28.Rxc5 Qb6 29.Qc3 Bd7 30.a4 Nf6
31.Qc4 Rf8 32.Kg2 Kh8 33.h3 Ne8 34.Qc2 Qf6 35.Qe2 h5 36.Rc2 h4 37.Rc3 Ng7
38.g4 Ne8 39.Rb3 Kg8 40.Nd3 b6 41.Rb1 Qg5 42.Nc3 Nf6 43.Kh2 Rc8 44.Rb3 Rc4
45.Ra3 Rd4 46.Ra2 Nh5 47.Qf3 Nf6 48.Nf2 Rb4 49.Rc2 Rb3 50.Nd3 Ra3 51.Nb2 Ra1
52.Rf2 Kg7 53.Kg2 Rc1 54.Nc4 Bxa4 55.Nxb6 Be8 56.d6 Qf4 57.Qxf4 exf4 58.g5 Nd7
59.Nxd7 Bxd7 60.Nd5 Rc6 61.Ra2 a4 62.e5 Rc5 63.Nf6  1/2-1/2